Fundamental of sales management / (Record no. 122433)
[ view plain ]
| 000 -LEADER | |
|---|---|
| fixed length control field | 00696nam a22002297a 4500 |
| 005 - DATE AND TIME OF LATEST TRANSACTION | |
| control field | 20170124105910.0 |
| 010 ## - LIBRARY OF CONGRESS CONTROL NUMBER | |
| LC control number | B-182440 |
| 020 ## - INTERNATIONAL STANDARD BOOK NUMBER | |
| International Standard Book Number | 1403924945 |
| Terms of availability | 255.00 |
| 035 ## - SYSTEM CONTROL NUMBER | |
| System control number | B-182440 |
| 037 ## - SOURCE OF ACQUISITION | |
| Source of stock number/acquisition | Cen Lib/Ret |
| 040 ## - CATALOGING SOURCE | |
| Original cataloging agency | DPL |
| Language of cataloging | EN |
| 082 ## - DEWEY DECIMAL CLASSIFICATION NUMBER | |
| Classification number | 658.8 |
| Item number | KAP |
| 100 ## - MAIN ENTRY--PERSONAL NAME | |
| Personal name | Kapoor, Ramneek |
| 9 (RLIN) | 112371 |
| 245 ## - TITLE STATEMENT | |
| Title | Fundamental of sales management / |
| Statement of responsibility, etc | by Ramneek Kapoor |
| 260 ## - PUBLICATION, DISTRIBUTION, ETC. (IMPRINT) | |
| Place of publication, distribution, etc | Delhi |
| Name of publisher, distributor, etc | Macmillan |
| Date of publication, distribution, etc | 2005 |
| 270 ## - ADDRESS | |
| Address | 2/10 Ansari Road, Daryaganj |
| City | New Delhi |
| Postal code | 110002 |
| 300 ## - PHYSICAL DESCRIPTION | |
| Extent | xi,336p. : |
| Dimensions | 24cm(pbk) |
| 500 ## - GENERAL NOTE | |
| General note | Includes bibliographic references and index |
| 650 ## - SUBJECT ADDED ENTRY--TOPICAL TERM | |
| Topical term or geographic name as entry element | Marketing |
| 9 (RLIN) | 6818 |
| 650 ## - SUBJECT ADDED ENTRY--TOPICAL TERM | |
| Topical term or geographic name as entry element | Retail sales management |
| 9 (RLIN) | 112372 |
| 942 ## - ADDED ENTRY ELEMENTS (KOHA) | |
| Source of classification or shelving scheme | Dewey Decimal Classification |
| Koha item type | English Books |
| Classification part | 658.8 |
| Call number suffix | KAP |
| Withdrawn status | Lost status | Damaged status | Not for loan | Collection code | Home library | Current library | Date acquired | Source of acquisition | Cost, normal purchase price | Total Checkouts | Full call number | Barcode | Date last seen | Copy number | Cost, replacement price | Price effective from | Koha item type | Source of classification or shelving scheme | Total Renewals | Date checked out |
|---|---|---|---|---|---|---|---|---|---|---|---|---|---|---|---|---|---|---|---|---|
| Not For Loan | Reference | Central Library | Central Library | 22/05/2015 | Cen Lib/Ret | 255.00 | 658.8 KAP | B-182440 | 22/05/2015 | 1 | 255.00 | 15/09/2016 | English Books | |||||||
| Non-fiction | Patel Nagar | Patel Nagar | 28/06/2019 | 658.8 KAP | b-182444 | 28/06/2019 | 1 | 28/06/2019 | English Books | Dewey Decimal Classification | ||||||||||
| Non-fiction | Sarojini Nagar | Sarojini Nagar | 24/01/2019 | 1 | 658.8 KAP | B-182450 | 13/11/2019 | 24/01/2019 | English Books | Dewey Decimal Classification | 2 | 15/10/2019 |
